00382 a2200097 4500001001000000005001700010008004100027245013200068100002100200773006300221ART_3978820260410162012.0260409a 10aEl intercambio de información tributaria internacional para la imposición de los capitales de los residentes en el exterior1 aArceo, Nicolás0 tRealidad económicag- Nº 229 (jul./ago. 2007)wREV39723